Art of editing / (Record no. 67050)

MARC details
000 -LEADER
fixed length control field 00805nam a22002297a 4500
005 - DATE AND TIME OF LATEST TRANSACTION
control field 20120522154358.0
008 - FIXED-LENGTH DATA ELEMENTS--GENERAL INFORMATION
fixed length control field 120522t xxu||||| |||| 00| 0 eng d
010 ## - LCCN (DPL NO)
LC control number ENG-105391
020 ## - INTERNATIONAL STANDARD BOOK NUMBER
International Standard Book Number 9789381840108
Terms of availability 795.00
035 ## - SYSTEM CONTROL NUMBER
System control number EN-88924
037 ## - SOURCE OF ACQUISITION
Source of stock number/acquisition DBAD/PUB
040 ## - CATALOGING SOURCE
Original cataloging agency DPL
Language of cataloging Eng
082 ## - DEWEY DECIMAL CLASSIFICATION NUMBER
Classification number 070.41
100 ## - MAIN ENTRY--PERSONAL NAME
Personal name Dibyanshu Kumar
9 (RLIN) 47698
245 ## - TITLE STATEMENT
Title Art of editing /
Statement of responsibility, etc by Dibyanshu Kumar
260 ## - PUBLICATION, DISTRIBUTION, ETC. (IMPRINT)
Place of publication, distribution, etc Delhi
Name of publisher, distributor, etc R.K. Publishers & Distributors
Date of publication, distribution, etc 2012
270 ## - ADDRESS
Address L-45, Gali No. 5, Shivaji Marg, Kartar Nagar
City Delhi
Postal code 110053
300 ## - PHYSICAL DESCRIPTION
Extent viii,264p.
Dimensions 23cm(Hb)
500 ## - GENERAL NOTE
General note Includes index
942 ## - ADDED ENTRY ELEMENTS (KOHA)
Source of classification or shelving scheme Dewey Decimal Classification
Item type English Books
Classification part 070.41
Call number suffix DIB
Holdings
Withdrawn status Lost status Source of classification or shelving scheme Damaged status Not for loan Collection code Home library Current library Date acquired Source of acquisition Cost, normal purchase price Total Checkouts Full call number Barcode Date last seen Copy number Cost, replacement price Koha item type
    Dewey Decimal Classification   Not For Loan Non-fiction D.B.Act.Division D.B.Act.Division 22/05/2012 DBAD/PUB 795.00   070.41 DIB EN-88924 22/05/2012 1 795.00 English Books

© Delhi Public Library
Hit Counter
free hit counter